Insde Japan's financial market

The paper gives an overview of the current state of markets for money, bonds, equities and derivatives arguing that for reform to become successful measures to develop an entirely different market culture were needed. It calls for a redefinition of the role of interest groups in the financial interm...

Volledige beschrijving

Bewaard in:
Bibliografische gegevens
Hoofdauteur: Viner, Aron
Formaat: Boek
Taal:Undetermined
Gepubliceerd in: Tokyo The Japan times 1987
Onderwerpen:
Tags: Voeg label toe
Geen labels, Wees de eerste die dit record labelt!
Thư viện lưu trữ: Trung tâm Học liệu Trường Đại học Cần Thơ
LEADER 00908nam a2200205Ia 4500
001 CTU_228568
008 210402s9999 xx 000 0 und d
082 |a 330.952048 
082 |b V782 
100 |a Viner, Aron 
245 0 |a Insde Japan's financial market 
245 0 |c Aron Viner 
260 |a Tokyo 
260 |b The Japan times 
260 |c 1987 
520 |a The paper gives an overview of the current state of markets for money, bonds, equities and derivatives arguing that for reform to become successful measures to develop an entirely different market culture were needed. It calls for a redefinition of the role of interest groups in the financial intermediation process – including the role of government. 
650 |a Nhật Bản,Japan 
650 |x Điều kiện kinh tế,Economic conditions 
910 |b dqhieu 
980 |a Trung tâm Học liệu Trường Đại học Cần Thơ